[Event "Santo Domingo Duarte Memorial 6th"]
[Site "Santo Domingo"]
[Date "2017.01.28"]
[Round "2"]
[White "De Jesus Rosa, Michel"]
[Black "Mejia Ricart, Tirso"]
[Result "1-0"]
[WhiteElo "2030"]
[BlackElo "1670"]
[PlyCount "53"]
[EventDate "2017.01.27"]
[EventType "swiss"]
[EventRounds "8"]
[EventCountry "DOM"]
[SourceTitle "CBM 176 Extra"]
[Source "ChessBase"]
[SourceDate "2017.03.02"]
[SourceVersion "1"]
[SourceVersionDate "2017.03.02"]
[SourceQuality "1"]

1. d4 Nf6 2. Nf3 e6 3. Bg5 h6 4. Bh4 g5 5. Bg3 Ne4 6. Nbd2 Nxg3 7. hxg3 d5 8. c3 Nc6 9. e4 dxe4 10. Nxe4 Bg7 11. Qc2 0-0 12. Nexg5 f5 13. Nh3 a6 14. Be2 b5 15. 0-0 Rb8 16. a3 a5 17. Nf4 Qe8 18. Rfe1 Bd7 19. d5 Nd8 20. dxe6 Nxe6 21. Bd3 Qf7 22. Ne5 Qe8 23. Nxd7 Qxd7 24. Nxe6 Rf7 25. Nxg7 Rxg7 26. Rad1 Qc8 27. Qe2 1-0